000 00727nam a22002057a 4500
005 20140610115252.0
010 _aB-504767-775
020 _a9780670086399
_c499.00
035 _aB-504767-775
037 _adpl
_bK.K.Pub/Ven
082 _a911.54
100 _aSanyal, Sanjeev
245 _aLand of the Seven Rivers:
_ba brief history of India's geography/
_cby Sanjeev Sanyal
260 _aNew Delhi
_bPenguin Books
_c2012
270 _a11 Community Centre, Panchsheel Park
_bNew Delhi
_e110017, India
300 _a331p.
_c21cm(Hb)
500 _aincludes index
942 _2ddc
_cEN
_h911.54
_mSAN
999 _c84979
_d84979